| 000 | 00736cam a2200217 a 4500 | ||
|---|---|---|---|
| 001 | 000006924 | ||
| 005 | 20250314135209.0 | ||
| 008 | 821214s1967 sp 000 0 spa | ||
| 040 |
_aDO-SdBNP _bspa _cBNPHU |
||
| 082 |
_a320.946 _bP438e |
||
| 100 | 1 |
_aPérez de Ayala, Ramón, _d1880-1962 _915031 |
|
| 245 | 1 | 0 |
_aEscritos políticos / _cRamón Pérez de Ayala ; presentación de Paulino de Garagorri. |
| 260 |
_aMadrid : _bAlianza, _c1967. |
||
| 300 |
_a256 p. ; _c18 cm. |
||
| 490 | 1 |
_aLibro de bolsillo _v61 |
|
| 651 | 4 |
_aEspaña _xPolítica Y Gobierno _y1886-1931 _919195 |
|
| 650 | 0 |
_aCiencia política _95772 |
|
| 650 | 4 |
_aEspaña _xHistoria _93057 |
|
| 700 | 1 |
_aGaragorri, Paulino de _919196 |
|
| 830 | 0 |
_aLibro de bolsillo ; _v61 _94727 |
|
| 999 |
_c6708 _d6708 |
||